000 00837nas a2200253 454500
001 25512
005 20260407193506.0
008 260407s2000####ag###########|||spa#d
003 AR-UNSa-BCEJYS
040 _aAR-UNSa-BCEJYS
_bspa
_cAR-UNSa-BCEJYS
080 _a34
_xDerecho
245 1 0 _aAnales
022 _a0567-5936
264 1 _aBuenos Aires :
_bAcademia Nacional de Derecho y Ciencias Sociales de Buenos Aires
_c2000
310 _aFrecuencia: Anual
942 _cSER
590 _aniveau_biblio:s niveau_hierar:1
100 1 _aAcademia Nacional de Derecho y Ciencias Sociales de Buenos Aires
650 _aDerecho constitucional
650 _aDerecho
650 _aHistoria del derecho
650 _aDerecho internacional
856 4 1 _uhttps://biblioeco.unsa.edu.ar/pmb/images/revistas/ANALES.jpg
_yImagen de portada
_qimage/jpeg
999 _c8589
_d8589